000 00956nac a22002777a 4500
001 BR7602953
003 BR-BrBNA
005 20240105113945.0
008 230509b bl.|||m| |||| 00| 0 por d
040 _aBR-BrBNA
_bpor
_cBiblioteca Nacional de Agricultura
072 _aE10
090 _aE10 BR7602953
110 1 _aFundacao Instituto Brasileiro de Geografia e Estatistica, Rio de Janeiro, RJ
245 1 _aPesquisa industrial-1973. Brasil [Empresa industrial; Despesa; Estatistica de producao]
_bProducao fisica
260 3 _aRio de Janeiro, RJ (Brasil):
_c1976.
300 _a167 p.
490 _aPesquisa Industrial - Fundacao Instituto Brasileiro de Geografia e Estatistica (Brazil)
_vv. 2
_x
500 _aNumerical data
650 _aMacroeconomia
650 _aEmpresa industrial
650 _aCenso
650 _aDespesa
650 _aCusto de producao
909 _a202312
_bLúcia Elande
_c55
_dLúcia Elande
942 _2AGRIS
_n0
_cMS
999 _c266564
_d266564